000 00830nam a2200169 a 4500
008 130307s2012 ||||||||||||||||| || u
050 _aTHESIS/MBA
100 _aChipulu, Theresah
245 1 3 _aAn assessment of the impact of business linkages between transnational corporations and micro, small and medium enterprises (MSMES) in Zambia: a case of Taj Pamodzi Hotel
_cby Theresah Chipulu
260 _aKitwe:
_bCopperbelt University, School of Business, Department of Postgraduate studies
_c2012
300 _axii, 85p.: ill.
500 _aBibliography
650 _aTAJ PAMODZI HOTEL
650 _aMICRO, SMALL AND MEDIUM ENTERPRISES (MSMES)--ZAMBIA
650 _aTRANSNATIONAL CORPORATIONS
995 _FCBU-MAIN LIBRARY (Kitwe)
_M1
_UAVAILABLE
_WMar 7, 2013
_ZUniversity Collection
999 _c35115
_d35115